Cartilla de Animales Silvestres de la Sierra Nevada de Santa Marta: (Registro nro. 8971)

Detalles MARC
000 -CABECERA
Campo de control 01138nam a22002177a 4500
005 - FECHA Y HORA DE LA ULTIMA TRANSACCION
Campo de control 20150114155240.0
008 - ELEMENTOS DE LONGITUD FIJA—INFORMACION GENERAL
Campo de control 150114b ck || |r|||| 00| 0 spa d
040 ## - FUENTE DE CATALOGACIÓN
Agencia catalogadora original CO-BoIAVH
Agencia transcriptora CO-BoIAVH
041 ## - IDIOMA
Código de idioma para texto/pista de sonido o título separado Español
044 ## - PAÍS DE PUBLICACIÓN
País de publicación Colombia
090 ## - CLASIFICACIÓN LOCAL
Colección EA
Consecutivo 00259
245 ## - MENCION DE TITULO
Título Cartilla de Animales Silvestres de la Sierra Nevada de Santa Marta:
Parte restante del título Material educativo de apoyo para escuelas, colegios y hogares para la protección de especies silvestres de la Sierra Nevada de Santa Marta
260 ## - PUBLICACION, DISTRIBUCION, ETC. (PIE DE IMPRENTA)
Lugar de publicación, distribución, etc. Santa Marta :
Nombre del editor, distribuidor, etc. Agencia de los Estados Unidos para el Desarrollo Internacional-USAID,
-- Coltabaco,
-- Fundación Panamericana para el Desarrollo-FUPAD,
-- Fundación Pro-SierraNevada de Santa Marta,
Fecha de publicación, distribución, etc. [Sin fecha de publicación]
300 ## - DESCRIPCION FISICA
Extensión 41 pag
Otros detalles físicos Il.
Dimensiones 23 cm.
504 ## - NOTA DE BIBLIOGRAFIA, ETC.
Nota de bibliografía Incluye referencias bibliográficas
650 ## - ASIENTO SECUNDARIO DE MATERIA - TERMINO TEMATICO
Término temático o nombre geográfico como elemento de entrada Fauna silvestre
Subdivisión general Conservación
Subdivisión geográfica Santa Marta (Dpt. Colombia)
650 #6 - ASIENTO SECUNDARIO DE MATERIA - TERMINO TEMATICO
Término temático o nombre geográfico como elemento de entrada Conservación de la vida silvestre
Subdivisión geográfica Santa Marta (Dpt. Colombia)
650 #6 - ASIENTO SECUNDARIO DE MATERIA - TERMINO TEMATICO
Término temático o nombre geográfico como elemento de entrada Derechos de los animales
Subdivisión geográfica Santa Marta (Dpt. Colombia)
650 ## - ASIENTO SECUNDARIO DE MATERIA - TERMINO TEMATICO
Término temático o nombre geográfico como elemento de entrada Relaciones hombre animal
Subdivisión geográfica Santa Marta (Dpt. Colombia)
942 ## - ELEMENTOS ADICIONALES (KOHA)
Sistema de clasificación Local
Tipo de ítem Libro
Existencias
Withdrawn status Lost status Sistema de Clasificación Damaged status No para préstamo Colección Inventariado Ubicación Permanente Ubicación actual Fecha de adquisición Fuente de Valor Valor Total Checkouts Número topográfico Inventario / Código de Barras Date last seen Ejemplar Price effective from Forma de adquisición Tipo de material
    Local     Educación Ambiental Inventariado 2017 Sala Fabio Quevedo Sala Fabio Quevedo 14/01/2015 Instituto 39000.00   EA-00259 035031 14/01/2015 Ej. 1 14/01/2015   Libro